| 000 | 01257nam a2200361Ia 4500 | ||
|---|---|---|---|
| 005 | 20220317000033.0 | ||
| 007 | ta | ||
| 008 | 210826s20122018sp er 000 f spa d | ||
| 020 | _a9788420674209 | ||
| 040 |
_aCO-BoRNBP _bspa _erda _cCO-BoRNBP |
||
| 041 | 1 |
_aspa _heng |
|
| 084 | _aN SAL3 | ||
| 100 | 1 |
_aSalinger, Jerome David _d1919-2010 _eautor |
|
| 245 | 1 | 3 |
_aEl guardián entre el centeno _cJ. D. Salinger ; traducción Carmen Criado |
| 250 |
_aCuarta edición., segunda reimpresión _bSéptima reimpresión |
||
| 264 | 1 |
_aMadrid _bAlianza editorial _c2012 _c2018 |
|
| 300 |
_a279 páginas _c23 cm |
||
| 336 |
_atexto _btxt _2rdacontent |
||
| 337 |
_asin mediación _bn _2rdamedia |
||
| 338 |
_avolumen _bnc _2rdacarrier |
||
| 490 | 0 |
_aEl libro de bolsillo . Literatura _p1 |
|
| 500 | _aIncluye índice | ||
| 521 | _aRecomendado para un público adulto | ||
| 534 | _bThe catcher in the rye | ||
| 650 | 1 | 7 |
_aNovela estadounidense _y Siglo XX _2LEMB |
| 650 | 1 | 7 |
_aLiteratura estadounidense _y Siglo XX _2LEMB |
| 650 | 1 | 4 |
_aVida cotidiana _vNovela _2LEMB |
| 650 | 1 | 7 |
_aFracaso _vNovela _2LEMB |
| 650 | 1 | 7 |
_aFamilia _vNovela _2LEMB |
| 650 | 1 | 7 |
_aRelaciones de pareja _vNovela _2LEMB |
| 700 | 1 |
_aCriado, Carmen _etraductora _911236 |
|
| 942 |
_2loc _cBKLIT |
||
| 999 |
_c2956 _d2956 |
||